Les niveaux de Super Mario Galaxy - Statistiques

Statistiques générales
  • Ce quiz a été pris 295 fois
  • Le résultat moyen est 19 sur 41
Statistiques - réponses
Réponse % Correct
Royaume des Abeilles
86%
Plage saladier
72%
Défi de la boule
69%
Défi du surf
69%
Défi de la bulle
68%
Planète œufs
66%
Coffre à jouets
65%
Jardins venteux
62%
Poussière d'étoile
62%
Usine de Robot
62%
Forteresse Rocheuse
59%
Boucle océane
56%
Galaxie Fantome
56%
Volcan de glace
56%
Usine de matière noire
55%
Limbes
53%
Bois d'automne
52%
Gerbes infernales
47%
Dalles réversibles
46%
Épreuve de la boule
43%
Épreuve de la bulle
43%
Larme
43%
Fabrique de gâteaux
41%
Flotte armée
41%
Île sablonneuse
41%
Requin squelette
40%
Usine de vaisseaux
39%
Ruche d'escalade
38%
Grotte du donjon
37%
Usine stellaire
37%
Usine galactique
35%
Capsule neigeuse
34%
Tunnel poissonneux
34%
Usine de créatures
34%
Épreuve de surf
32%
Cercles mystérieux
31%
Portail céleste
28%
Astéroïdes aux cocons
27%
Île flotante
25%
Rivière de sable
22%
Promenade sinistre
19%
Aucun quiz correspondant
Distribution des résultats
% des personnes avec chaque résultat
Percentile par nombre de réponses
Votre historique - résultats
Vous n’avez pas pris ce quiz